Joueurs du HBC Semur 2023/2024 - Statistiques

Statistiques générales
  • Ce quiz a été pris 3 fois
  • Le résultat moyen est 15 sur 23
Statistiques - réponses
Hint Match Buts (Arrêts pour GB) Réponse % Correct
ARD 21 126 Antoine Marion
100%
GB 22 108 Corentin Lépée
100%
DC 22 36 Hugo Jobert
100%
ALD 17 48 Julien Lépée
100%
ARG 18 83 Justin Pecaud
100%
PIV 21 43 Alexis Da Silva
67%
ARG 15 15 Alexis Dhenin
67%
PIV 16 37 Axel Oudin
67%
DC 22 28 Axel Pinard
67%
GB 22 172 Loïc Rolin
67%
ARD 22 45 Luca Messighaoui
67%
DC 2 2 Luc Betand
67%
ALG 13 31 Mattéo Simonot
67%
ALG 1 1 Nathan Guenne
67%
ALG 16 40 Théo Rabaute
67%
PIV 16 13 Vivien Neugnot
67%
ARG 2 2 Baptiste Taher
33%
PIV 2 3 Corentin Brasseur
33%
PIV 4 9 Florian Furgaut
33%
ARD 5 16 Grigory Blagonadezhdin
33%
ARG 3 3 Nicolas Voisine
33%
ALD 4 5 Rémi Goulier
33%
ALG 10 23 Thibaut Charles
33%
Aucun quiz correspondant
Distribution des résultats
% des personnes avec chaque résultat
Percentile par nombre de réponses
Votre historique - résultats
Vous n’avez pas pris ce quiz